Регионална библиотека "Любен Каравелов" - Русе

Технологии и машини в мебелното производство (Запис номер 207370)

MARC детайли
000 -Лидер
Контролно поле с фиксирана дължина 01303nam a2200289 c 4500
003 - Код на организацията, давaща контролен номер
Контролно поле BLK
005 - Дата и час на последна редакция
Контролно поле 20180422120842.0
008 - Елементи от данни с фиксирана дължина
fixed length control field 180411b bul|||||r ||||||| ||bul||
010 ## - Наследен системен номер
LC control number KNG00217132000
040 ## - Източник на каталожния запис
Идентификатор на билиотеката - собственик на записа BLK
041 ## - Код за език
Код за езика на текст/звукозапис или на отделно заглавие Български
Код за езика КДБФ Български
080 ## - УДК
Текстов определител УДК Мебелно производство. Тапицерство
УДК код - определител по УДК 684
УДК определител (075.3)
УДК - код + определител 684(075.3)
100 1# - Редна дума - Автор
Автор Попова, Ермила Евтимова
Авторска отговорност първи автор
R(LIN) 345132
139 ## - Редно поле
Редна дума Попова, Ермила Евтимова и др.
Авторски знак Попов - П 76
245 10 - Сведения за заглавието
Заглавие Технологии и машини в мебелното производство
Подзаглавни данни Учебник за II степен на ЕСПУ
Редно поле (дума) Ермила Евтимова Попова; съавт. Димитър Иванов Христев; съавт. Никола Станев Николов.
257 ## - Страна на издаване
Страна на създаване/издаване България
260 ## - Област на издателските данни
-- София
Име на издателя, разпространителя и проч. Земиздат
Година на издаване 1986
300 ## - Физическа характеристика
Страници 280 с.
Илюстрации и др. със сх., табл., диагр., 1 л. табл.
Размери/Мащаб 21 см
380 ## - Жанр
Жанр Техника
700 1# - Други автори (авторска отговорност)
Лично име Христев, Димитър Иванов
Автороска отговорност (Описва отношението между автора и произведението) съавт.
9 (RLIN) 384788
700 1# - Други автори (авторска отговорност)
Лично име Николов, Никола Станев
Автороска отговорност (Описва отношението между автора и произведението) съавт.
9 (RLIN) 345133
852 ## - Местоположение
Форматна сигнатура Цб 144122
856 4# - Електронен адрес и достъп
Електронен формат pdf - файл
Път до файла /url/
856 4# - Електронен адрес и достъп
Електронен формат pdf - файл
Път до файла /url/
942 ## - АРТИКУЛИ
Вид на библиотечния материал Книги
Скрит в OPAC Не
944 ## - СЪЗДАВАНЕ И РЕДАКЦИЯ на ЗАПИСА
Създаване/Редакция Създаване
Дата на регистрацията/редакция 12.03.2018
Служител, извършил регистрацията/редакцията Нора_Радева
944 ## - СЪЗДАВАНЕ И РЕДАКЦИЯ на ЗАПИСА
Създаване/Редакция Редакция
Дата на регистрацията/редакция 12.03.2018
Служител, извършил регистрацията/редакцията Нора_Радева
999 ## - СИСТЕМНИ КОНТРОЛНИ НОМЕРА
Koha biblionumber 207370
Koha biblioitemnumber 207370
Наличности
Код за отписване Код за изгубен артикул Източник на класификационната схема Код за повреда Коз за рестрикции Код за отдаване Артикулен № Име на библиотеката - собственик Име на библиотеката, в която се намира в момента Статус (Текущо местоположение) Дата на вписване в системата Местоположение - отдел Цена в лева Инвентарен номер Систематично азбучна сигнатура Баркод Номер на екземпляра Цена в евро Служебна бележка Служебен тип на артикула
  Не е изгубен Universal Decimal Classification Не е повреден без рестрикции ползва се в читалня 357869 Регионална библиотека "Любен Каравелов" Русе Регионална библиотека "Любен Каравелов" Русе Хранилище 1986-01-01 Хранилище 0.88 455698 Цб 144122 120000455698 1 0.45 Вид: Сф Дата: 01.01.1986 Книги
Изтеглен Не е изгубен Universal Decimal Classification Не е повреден без рестрикции заемане за дома 357870 Регионална библиотека "Любен Каравелов" Русе Регионална библиотека "Любен Каравелов" Русе Заемна - подръчен фонд 1986-01-01 Заемна - подръчен фонд 0.88 479398 П 684/П 76 479398 2 0.45 Вид: Сф Дата: 01.01.1986 Дата инв: 12.03.2018 Бележки инв: П2018 Книги
Vip Innovations Ltd, Rousse, Bulgaria 2025